00518cam a2200193 a 4500001000800000005001700008008004100025010001700066020001500083020002200098040001800120041000800138080002000146082002400166100000700190101000800197245005300205504006600258494593420180227071233.0960812s1997 mau b 001 0 eng  a 96041302  a0631151214 a0631151222 (pbk.) aDLCcDLCdDLC aeng a306.44089 WIL00a306.44089 WIL2201 a23 aant10aAnthropological linguistics :cWilliam A. Foley. aIncludes bibliographical references (p. [435]-468) and index.